000 00391nam a2200157Ia 4500
003 OSt
005 20230605140550.0
008 211028s2011 xx 000 0 und d
040 _cAIMIT LIBRARY
041 _aeng
100 _aJha, Pankaj Kumar; Manimozhi, R.
_98300
_e091925
110 _aManimozhi R
_98301
245 _aMobile banking.
260 _aMangalore
_c2011
942 _2ddc
_cPRO
999 _c219819
_d219819